000
00270nam a2200109Ia 4500
008
220204s9999 xx 000 0 und d
082
_a
657.45
_b
MIL
100
_a
Miller, Elwood L
245
0
_a
Inflation accounting
260
_a
New York
_b
Van Nostrand
_c
1980
942
_c
BK
999
_c
35563
_d
35563